Sports Quiz

Random Sports or NFL Quiz

NFL Starting QBs (2015) Quiz Stats

 Plays Quiz Updated Jan 15, 2016

Challenge
Share
Tweet
Embed
Score 0/57 Timer 07:00
3 Plays Today
Team Quarterback % Correct
Denver BroncosPeyton Manning
95.4%
New York GiantsEli Manning
95.1%
Arizona CardinalsCarson Palmer
94.5%
Atlanta FalconsMatt Ryan
94.2%
Baltimore RavensJoe Flacco
94.1%
New England PatriotsTom Brady
93.5%
Dallas CowboysTony Romo
92.9%
Carolina PanthersCam Newton
92.4%
Green Bay PackersAaron Rodgers
91.8%
Indianapolis ColtsAndrew Luck
91.6%
New Orleans SaintsDrew Brees
90.8%
Kansas City ChiefsAlex Smith
89.8%
Seattle SeahawksRussell Wilson
88.9%
Chicago BearsJay Cutler
88.2%
Cincinnati BengalsAndy Dalton
88.1%
Detroit LionsMatthew Stafford
86.9%
Pittsburgh SteelersBen Roethlisberger
86%
San Diego ChargersPhilip Rivers
84.9%
Washington RedskinsKirk Cousins
84.3%
Minnesota VikingsTeddy Bridgewater
83.2%
Buffalo BillsTyrod Taylor
82.5%
Oakland RaidersDerek Carr
82.1%
Tennessee TitansMarcus Mariota
82.1%
Tampa Bay BuccaneersJameis Winston
81.5%
New York JetsRyan Fitzpatrick
81.1%
Philadelphia EaglesSam Bradford
80.9%
Miami DolphinsRyan Tannehill
80.8%
San Francisco 49ersColin Kaepernick
80.3%
Jacksonville JaguarsBlake Bortles
79.5%
Team Quarterback % Correct
Cleveland BrownsJohnny Manziel
77.9%
Denver BroncosBrock Osweiler
77.3%
St. Louis RamsNick Foles
72.5%
Pittsburgh SteelersMichael Vick
71.7%
Houston TexansBrian Hoyer
67.7%
Indianapolis ColtsMatt Hasselbeck
65.7%
Cincinnati BengalsA.J. McCarron
64.5%
Cleveland BrownsJosh McCown
62.6%
New Orleans SaintsLuke McCown
62%
Buffalo BillsEJ Manuel
61.3%
Philadelphia EaglesMark Sanchez
61.1%
San Francisco 49ersBlaine Gabbert
60.4%
Dallas CowboysBrandon Weeden
56.2%
Houston TexansBrandon Weeden
56.2%
Pittsburgh SteelersLandry Jones
55.8%
Buffalo BillsMatt Cassel
52.6%
Dallas CowboysMatt Cassel
52.6%
Baltimore RavensMatt Schaub
50.7%
Baltimore RavensRyan Mallett
47.1%
Houston TexansRyan Mallett
47.1%
St. Louis RamsCase Keenum
44.9%
Houston TexansT.J. Yates
39.1%
Tennessee TitansZach Mettenberger
39%
Chicago BearsJimmy Clausen
36.2%
Balitmore RavensJimmy Clausen
36.2%
Dallas CowboysKellen Moore
32.7%
Cleveland BrownsAustin Davis
31.7%
Indianapolis ColtsJosh Freeman
28.7%

You're not logged in!

Compare scores with friends on all Sporcle quizzes.
OR
Log In

You Might Also Like...

Show Comments

Extras

Top Quizzes Today


Score Distribution

Your Account Isn't Verified!

In order to create a playlist on Sporcle, you need to verify the email address you used during registration. Go to your Sporcle Settings to finish the process.

Report this User

Report this user for behavior that violates our Community Guidelines.

Details: